<?xml version="1.0" encoding="UTF-8"?>
<record
    xmlns:xsi="http://www.w3.org/2001/XMLSchema-instance"
    xsi:schemaLocation="http://www.loc.gov/MARC21/slim http://www.loc.gov/standards/marcxml/schema/MARC21slim.xsd"
    xmlns="http://www.loc.gov/MARC21/slim">

  <leader>01870nam a22003257a 4500</leader>
  <controlfield tag="001">362</controlfield>
  <controlfield tag="003">OSt</controlfield>
  <controlfield tag="005">20250528074019.0</controlfield>
  <controlfield tag="008">250401b        |||||||e |||| 00| 0 eng d</controlfield>
  <datafield tag="020" ind1=" " ind2=" ">
    <subfield code="a">9788581051789</subfield>
  </datafield>
  <datafield tag="040" ind1=" " ind2=" ">
    <subfield code="b">por</subfield>
  </datafield>
  <datafield tag="041" ind1=" " ind2=" ">
    <subfield code="h">spa</subfield>
    <subfield code="a">por</subfield>
  </datafield>
  <datafield tag="082" ind1=" " ind2=" ">
    <subfield code="a">863</subfield>
    <subfield code="b">M465p</subfield>
  </datafield>
  <datafield tag="100" ind1=" " ind2=" ">
    <subfield code="a">Maxwell, Megan</subfield>
    <subfield code="d">1965- </subfield>
    <subfield code="9">750</subfield>
  </datafield>
  <datafield tag="240" ind1=" " ind2=" ">
    <subfield code="a">Pideme lo que quieras / </subfield>
  </datafield>
  <datafield tag="245" ind1=" " ind2=" ">
    <subfield code="a">Pe&#xE7;a-me o que quiser / </subfield>
    <subfield code="c">Maxwell, Megan ; Tradu&#xE7;&#xE3;o de Tamara Sender</subfield>
  </datafield>
  <datafield tag="260" ind1=" " ind2=" ">
    <subfield code="a">Rio de Janeiro</subfield>
    <subfield code="b">Objetiva</subfield>
    <subfield code="c">2013</subfield>
  </datafield>
  <datafield tag="300" ind1=" " ind2=" ">
    <subfield code="a">398 p.</subfield>
  </datafield>
  <datafield tag="490" ind1="1" ind2=" ">
    <subfield code="a">Pe&#xE7;a-me O Que Quiser </subfield>
  </datafield>
  <datafield tag="500" ind1=" " ind2=" ">
    <subfield code="a">N&#xE3;o recomendado para menores de 18 anos.</subfield>
  </datafield>
  <datafield tag="520" ind1=" " ind2=" ">
    <subfield code="a">Com tempero latino e uma abordagem excitante, essa &#xE9; a hist&#xF3;ria da secret&#xE1;ria espanhola Judith Flores e seu chefe, o alem&#xE3;o Eric Zimmerman, tamb&#xE9;m conhecido como Iceman: um homem muito s&#xE9;rio e com os olhos azuis mais intensos e sexies que ela j&#xE1; viu.

Rec&#xE9;m-chegado ao comando da empresa M&#xFC;ller, antes dirigida por seu pai, Eric tem uma atra&#xE7;&#xE3;o instant&#xE2;nea pelo jeito divertido de Judith e exigir&#xE1; que ela o acompanhe nas viagens de trabalho pela Espanha. Mesmo sabendo que est&#xE1; se metendo numa situa&#xE7;&#xE3;o arriscada, a ideia de estar ao lado de Iceman &#xE9; irresist&#xED;vel. Com ele, a jovem viver&#xE1; experi&#xEA;ncias sexuais at&#xE9; ent&#xE3;o inimagin&#xE1;veis, em um universo de fantasias er&#xF3;ticas pouco convencionais.

Conciliando sexo e romantismo na medida exata, Pe&#xE7;a-me o que quiser &#xE9; uma hist&#xF3;ria de amor cheia de encontros e desencontros, na qual os jogos er&#xF3;ticos, o voyeurismo e o desejo de ultrapassar todos os limites do prazer s&#xE3;o os grandes protagonistas.</subfield>
  </datafield>
  <datafield tag="650" ind1=" " ind2="0">
    <subfield code="a">Literatura espanhola</subfield>
    <subfield code="9">144</subfield>
  </datafield>
  <datafield tag="650" ind1=" " ind2="0">
    <subfield code="a">Er&#xF3;tico</subfield>
    <subfield code="9">305</subfield>
  </datafield>
  <datafield tag="650" ind1=" " ind2="0">
    <subfield code="a">Amor e Paix&#xE3;o</subfield>
    <subfield code="9">25</subfield>
  </datafield>
  <datafield tag="655" ind1=" " ind2="0">
    <subfield code="a">Romance</subfield>
    <subfield code="9">23</subfield>
  </datafield>
  <datafield tag="655" ind1=" " ind2="0">
    <subfield code="a">Fic&#xE7;&#xE3;o </subfield>
    <subfield code="9">22</subfield>
  </datafield>
  <datafield tag="700" ind1="1" ind2=" ">
    <subfield code="d">1981-</subfield>
    <subfield code="a">Sender, Tamara,</subfield>
  </datafield>
  <datafield tag="830" ind1=" " ind2=" ">
    <subfield code="a">Pe&#xE7;a-me O Que Quiser </subfield>
    <subfield code="9">751</subfield>
  </datafield>
  <datafield tag="942" ind1=" " ind2=" ">
    <subfield code="2">ddc</subfield>
    <subfield code="c">BK</subfield>
    <subfield code="n">0</subfield>
  </datafield>
  <datafield tag="952" ind1=" " ind2=" ">
    <subfield code="0">0</subfield>
    <subfield code="1">0</subfield>
    <subfield code="2">ddc</subfield>
    <subfield code="4">0</subfield>
    <subfield code="7">0</subfield>
    <subfield code="8">FIC</subfield>
    <subfield code="a">BIBIB</subfield>
    <subfield code="b">BIBIB</subfield>
    <subfield code="c">LE</subfield>
    <subfield code="d">2025-04-01</subfield>
    <subfield code="e">doa&#xE7;&#xE3;o</subfield>
    <subfield code="l">0</subfield>
    <subfield code="o">863 / M465p</subfield>
    <subfield code="p">2025-17307</subfield>
    <subfield code="r">2025-04-01 09:04:46</subfield>
    <subfield code="w">2025-04-01</subfield>
    <subfield code="y">BK</subfield>
  </datafield>
  <datafield tag="999" ind1=" " ind2=" ">
    <subfield code="c">362</subfield>
    <subfield code="d">362</subfield>
  </datafield>
</record>
